Papers, Please Fixed Characters - Statistics

General Stats
  • This quiz has been taken 59 times
  • The average score is 5 of 24
Answer Stats
Possible Day(s) of Appearance Country of Allegiance/Issuing Character % Correct
3, 4, 6, 8, 11, 19, 22, 24, 29, 31 Obristan Jorji Costava
91%
11 EZIC Mikhail Saratov
44%
17, 19, 22, 25, 27 Arstotzka Sergiu Volda
42%
6 Arstotzka Dari Ludum
36%
14 EZIC Stepheni Graire
36%
8 EZIC Corman Drex
33%
30 Arstotzka Simon Wens
27%
12, 15, 29 Arstotzka M. Vonel
24%
9 Arstotzka Calensk
22%
5 Republia Vince Lestrade
22%
25 Kolechia Shae Piersovska
20%
10, 20, 30 Arstotzka Dmitri
18%
20 Antegria Khaled Istom
18%
26 Kolechia Elisa Katsenja
13%
13 Arstotzka Filipe Hasse
7%
27 Kolechia Kordon Kallo
7%
12 Arstotzka Messof Anegovych
7%
7 Kolechia Shaddy Safadi
7%
21 Republia Danic Lorun
4%
17 EZIC Marie Escalli
4%
21 Antegria Estra Beresfoda
2%
5 Antegria Katya Vostok
2%
14 Arstotzka/Kolechia Nathan Cykelek
2%
5 Antegria Pyotr Vostok
2%
No matching quizzes found
Score Distribution
Percent of People with Each Score
Percentile by Number Answered
Your Score History
You have not taken this quiz